banner-ar

الجذور التاريخية لسقوط بغداد : (Record no. 60859)

MARC details
000 -الفاتح
حقل البيانات ثابتة الطول 01094nam a22002777a 4500
005 - وقت وتاريخ اخر تعامل مع التسجيلة
رقم الضبط 20240530110432.0
008 - عناصر البيانات ثابتة الطول - معلومات عامة
حقل البيانات ثابتة الطول 150224s2009 ua g b 000 0 ara d
017 ## - رقم الايداع القانونى
رقم الايداع القانونى 2009/5992
المصدر ( الهيئة المختصة) مصر . دار الكتب المصرية
020 ## - الرقم الدولى المعيارى للكتب
الرقم الدولى المعيارى للكتاب 9773502562
040 ## - مصدر الفهرسة
وكالة الفهرسة الأصلية EG-CaGPL
041 0# - رمز اللغة
رمز لغة النص/ المسارات الصوتية أو العنوان الانفرادي ara
082 04 - رقم تصنيف ديوى العشرى
رقم الطبعة 21
رقم التصنيف 950.2\
رقم المادة ع ج
100 0# - المدخل الرئيسى - إسم شخصى
الإسم الشخصى على محمد محمد الصلابى
245 12 - بيان العنوان
العنوان الجذور التاريخية لسقوط بغداد :
بقية العنوان التتار بين الانتشار و الانكسار /
بيان المسئوليه,etc على محمد محمد الصلابى
260 ## - PUBLICATION, DISTRIBUTION, ETC. (IMPRINT)
تاريخ النشر أو التوزيع 2010
300 ## - الوصف المادى
التعداد 479 ص ؛
أبعاد الوعاء 24 سم
490 ## - بيان السلسلة
عنوان السلسلة موسوعة تاريخ العصور الوسطى و الحرب الصليبة
504 ## - تبصرة ببليوجرافية
تبصرة ببليوجرافية,الخ ببليوجرافية : ص 459 - 471
600 04 - المدخل الاضافى بالموضوع-اسم شخصى
الإسم الشخصى جنكيزخان
650 04 - المدخل الاضافى بالموضوع-مصطلح موضوعى
مصطلح موضوعي المغول و التتار
650 04 - المدخل الاضافى بالموضوع-مصطلح موضوعى
مصطلح موضوعي الدولة الخوارزمية
650 04 - المدخل الاضافى بالموضوع-مصطلح موضوعى
مصطلح موضوعي دولة المماليك
650 04 - المدخل الاضافى بالموضوع-مصطلح موضوعى
مصطلح موضوعي معركة عين جالوت
942 ## - عناصر المدخل الإضافي( كوها)
مصدر التصنيف او مخطط الترفيف Dewey Decimal Classification
Koha [default] item type كتاب
260 ## - PUBLICATION, DISTRIBUTION, ETC. (IMPRINT)
-- القاهرة :
-- دار الكتاب الحديث ،
Holdings
حالة التراجع حالة الفقد حالة تلف ليس للاعارة المكان المؤقت الموقع الحالى تاريخ الاكتساب اجمالي اﻻعارات رقم الطلب الباركود تاريخ اخر مشاهدة تاريخ تفعيل السعر نوع وعاء كوها
        مكتبة القاهرة الكبرى مكتبة القاهرة الكبرى 04/01/2015   950.2\ ع ج 160036 04/01/2015 04/01/2015 كتاب

Powered By

EGPV